000 00363cam a22001097a 4500
008 180718b1972 xxu||||| |||| 00| 0 eng d
082 _aQ985x42 Un3
100 _aAnthony, H. Sylvia
245 _aExperiment in personality assessment of young men remanded in custody
_cby H. Sylvia Anthony
260 _aLondon
_bHer Majesty's Stationery Office
_c1972
300 _a79p.
999 _c495926
_d495926